Economics of American industry /

Bibliographic Details
Main Author: Alderfer, Evan Benner, 1901-
Other Authors: Michl, Herman Edward
Format: Book
Language:English
Published: New York : McGraw-Hill, 1950.
Edition:2d ed.
Subjects:

MARC

Tag First Indicator Second Indicator Subfields
LEADER 00000cam a2200000 4500
001 in00000053767
005 20151008050858.0
008 720207s1950 nyu b 00000 eng u
010 |a  50011314  
035 |a (OCoLC)00234593 
035 |9 AAG4004AM 
040 |c YNG  |d TXA  |d UtOrBLW 
049 |a TXAM  |c 1 [188633] 
050 0 |a HC106.4  |b .A58 1950 
092 |a 338.4  |b A361e2 
100 1 |a Alderfer, Evan Benner,  |d 1901- 
245 1 0 |a Economics of American industry /  |c by E.B.Alderfer and H.E.Michl. 
250 |a 2d ed. 
264 1 |a New York :  |b McGraw-Hill,  |c 1950. 
300 |a 716 pages :  |b illustrations 
336 |a text  |b txt  |2 rdacontent 
337 |a unmediated  |b n  |2 rdamedia 
338 |a volume  |b nc  |2 rdacarrier 
504 |a Bibliography: pages 691-707. 
650 0 |a Industries  |z United States. 
700 1 |a Michl, Herman Edward. 
999 |a MARS 
999 f f |s d5db0ac6-fdc6-370a-b33c-a910ab2a472c  |i 82603751-b3a4-3b35-b008-f02394a4e54a  |t 0 
952 f f |p ric  |a Texas A&M University  |b Rellis Campus  |c Joint Library Facility  |d Remote Storage  |t 0  |e HC106.4 .A58 1950  |h Library of Congress classification  |i unmediated -- volume  |m A14800764279 
998 f f |a HC106.4 .A58 1950  |t 0  |l Remote Storage